| 000 | 00581nam a22001817a 4500 | ||
|---|---|---|---|
| 005 | 20251108172059.0 | ||
| 008 | 250721s1987 xx 000 0 ara d | ||
| 082 | 1 | 4 | _a928.11/حات |
| 100 | 1 | _aالضامن، حاتم صالح | |
| 245 | 1 | 0 |
_aشعراء مقلون : _bقيس بن الحدادية ، سويد بن كراع العكلي .... / |
| 264 | 1 |
_aبيروت : _bمكتبة النهضة العربية، _c1987. |
|
| 300 | _a387ص | ||
| 650 | 1 | 7 | _aالشعراء |
| 650 | 1 | 7 | _aالعرب |
| 650 | 1 | 7 | _aالشعر المخضرم |
| 942 |
_2ddc _cBK |
||
| 999 |
_c69967 _d69967 |
||